[Event "Tourn. n8668"]
[Site "www.chess-mail.com"]
[Date "2016.04.17"]
[Round "1"]
[White "Piekki"]
[Black "Tonino1"]
[WhiteElo "2000"]
[BlackElo "2200"]
[Result "1-0"]
[Round "1"]
1.e4 c5
2.Ng1f3 d6
3.d4 cxd4
4.Nf3xd4 Ng8f6
5.Nb1c3 g6
6.g3 Bf8g7
7.Bf1g2 O-O
8.O-O a6
9.Bc1g5 Nb8c6
10.Nd4e2 Qd8c7
11.Rf1e1 Bc8e6
12.Ne2f4 h6
13.Nf4xe6 fxe6
14.Bg5e3 b5
15.Qd1d2 Kh7
16.Ra1d1 Ra8c8
17.Bg2h3 b4
18.Nc3e2 Nf6xe4
19.Qd2d3 Ne4g5
20.Be3xg5 hxg5
21.Bh3xe6 Rc8a8
22.f4 Rf8f6
23.Be6d5 Qc7b6
24.Kh1 e6
25.fxg5 Rf6f2
26.Bd5xe6 Ra8d8
27.Ne2f4 Nc6e5
28.Re1xe5 Rf2xf4
29.gxf4 dxe5
30.Qd3h3  { time }
1-0

[Event "Tourn. n8673"]
[Site "www.chess-mail.com"]
[Date "2016.04.17"]
[Round "1"]
[White "Awfen"]
[Black "Bojan"]
[WhiteElo "2090"]
[BlackElo "2070"]
[Result "1-0"]
[Round "1"]
1.e4 e5
2.Ng1f3 Nb8c6
3.Bf1c4 h6
4.d4 exd4
5.Nf3xd4 Nc6xd4
6.Qd1xd4 Qd8h4
7.O-O Ng8e7
8.Nb1c3 Ne7c6
9.Qd4d5 Qh4f6
10.Bc1e3 Nc6e5
11.Be3d4 Bf8d6
12.f4 c6
13.Qd5a5 Ne5f3
14.Rf1xf3 Qf6xd4
15.Kh1 Qd4xc4
16.Qa5f5 Bd6f8
17.Qf5e5 Kd8
18.Rf3d3 Qc4e6
19.Qe5a5 b6
20.Qa5h5 Bc8a6
21.f5 Qe6f6
22.Rd3e3 Bf8c5
23.Re3f3 Kc7
24.Ra1e1 d6
25.e5 Qf6e7
26.exd6 Bc5xd6
27.Re1xe7 Bd6xe7
28.Qh5xf7 Ra8e8
29.Qf7xg7 Kc8
30.h3 Be7d6
31.Nc3e4 Bd6c7
32.Rf3e3 Kb8
33.f6 Re8d8
34.g3 Bc7e5
35.c3 Ba6b7
36.Qg7e7 Rh8e8
37.Qe7g7 Re8h8
38.Kh2 c5
39.Ne4f2 Rd8g8
40.Qg7e7 Be5f4
41.gxf4 Rg8g2
42.Kh1 Rg2g3
43.Nf2e4 Rg3xe3
44.f7 Bb7xe4
45.Kg1 Re3g3
46.Kf2 Rg3f3
47.Ke2 { resign }
1-0

[Event "Tourn. n8631"]
[Site "www.chess-mail.com"]
[Date "2016.04.17"]
[Round "1"]
[White "Gearoidmac"]
[Black "Gimmyg"]
[WhiteElo "2299"]
[BlackElo "2520"]
[Result "0-1"]
[Round "1"]
1.e4 e6
2.d4 d5
3.Nb1d2 Ng8f6
4.e5 Nf6d7
5.Bf1d3 c5
6.c3 Nb8c6
7.Ng1f3 cxd4
8.cxd4 f6
9.exf6 Nd7xf6
10.O-O Bf8d6
11.Nd2b3 a5
12.Rf1e1 O-O
13.Nf3g5 a4
14.Nb3c5 Bd6xc5
15.dxc5 e5
16.Bd3e2 Qd8e7
17.Ng5f3 Qe7xc5
18.Bc1e3 Qc5d6
19.Ra1c1 d4
20.Be2c4 Kh8
21.h3 Bc8f5
22.Be3g5 Nf6e4
23.Bc4d3 Ne4c5
24.Bd3b5 a3
 { time }
0-1

[Event "Tourn. n8584"]
[Site "www.chess-mail.com"]
[Date "2016.04.17"]
[Round "1"]
[White "Scasan55"]
[Black "Julian"]
[WhiteElo "2120"]
[BlackElo "2000"]
[Result "1/2-1/2"]
[Round "1"]
1.e4 c5
2.Ng1f3 Nb8c6
3.d4 cxd4
4.Nf3xd4 d6
5.Nb1c3 Ng8f6
6.Bc1g5 e6
7.Bf1c4 Bf8e7
8.O-O O-O
9.a3 a6
10.Kh1 Nc6xd4
11.Qd1xd4 b5
12.Bc4a2 Bc8b7
13.f3 Ra8c8
14.Ra1d1 e5
15.Qd4e3 Nf6e8
16.Bg5xe7 Qd8xe7
17.Rd1d2 Ne8f6
18.Rf1d1 Rf8d8
19.Qe3g5 h6
20.Qg5e3 Bb7c6
21.Nc3d5 Nf6xd5
22.Ba2xd5 Bc6xd5
23.exd5 Rc8c4
24.c3 Rc4h4
25.Qe3f2 Qe7g5
26.Qf2b6 Rd8d7
27.Qb6xa6 e4
28.fxe4 Rd7d8
29.Qa6xb5 Rh4xe4
30.Rd2f2 Rd8e8
31.a4 Re4e1
32.Rf2f1 Re1xf1
33.Qb5xf1 Re8e5
34.c4 Re5f5
35.Qf1e2 Rf5e5
36.Qe2c2 Qg5e3
37.h3 Re5e4
38.b4 Qe3f4
39.b5 Re4xc4
40.Qc2a2 Rc4xa4
41.Qa2c2 Ra4d4
42.Rd1xd4 Qf4xd4
43.Qc2c6 Qd4a1
44.Kh2 Qa1e5
45.Kg1 Qe5e1
46.Kh2 Qe1e5
47.Kg1 { draw }
1/2-1/2

[Event "Tourn. n8687"]
[Site "www.chess-mail.com"]
[Date "2016.04.17"]
[Round "1"]
[White "Osopanda"]
[Black "Elogic"]
[WhiteElo "1990"]
[BlackElo "1820"]
[Result "0-1"]
[Round "1"]
1.c4 g6
2.d4 d5
3.Nb1c3 dxc4
4.e4 Bf8g7
5.Bf1xc4 Bg7xd4
6.Ng1f3 Bd4xc3
7.bxc3 Qd8xd1
8.Kxd1 Ng8f6
9.Nf3g5 O-O
10.Bc1a3 Nb8c6
11.Ke2 Nc6e5
12.Bc4b3 h6
13.Ba3xe7 Rf8e8
14.Be7xf6 hxg5
15.Bf6xg5 Ne5c6
16.f3 Bc8e6
17.Ra1d1 a6
18.Bg5f6 b5
19.h4 Be6xb3
20.axb3 a5
21.h5 Re8e6
22.e5 Nc6xe5
23.Bf6xe5 Re6xe5
24.Kf2 gxh5
25.Rd1d7 c5
26.b4 a4
27.Rh1h4 a3
28.Rd7d1 a2
29.bxc5 a1Q
{ resign }
0-1

[Event "Tourn. n8705"]
[Site "www.chess-mail.com"]
[Date "2016.04.17"]
[Round "1"]
[White "Elogic"]
[Black "Osopanda"]
[WhiteElo "1810"]
[BlackElo "1950"]
[Result "1-0"]
[Round "1"]
1.b3 e5
2.e4 d6
3.d4 Nb8c6
4.d5 Nc6d4
5.c3 Nd4e6
6.dxe6 Bc8xe6
7.f3 Ng8f6
8.Bc1b2 c6
9.Bf1d3 Bf8e7
10.Nb1d2 O-O
11.Ng1e2 d5
12.exd5 cxd5
13.O-O Be7c5
14.Kh1 e4
15.fxe4 dxe4
16.Nd2xe4 Bc5e7
17.Qd1c2 Nf6xe4
18.Bd3xe4 g6
19.Be4xb7 Ra8b8
20.Bb7f3 Be7f6
21.Ne2f4 Be6f5
22.Bf3e4 Bf5xe4
23.Qc2xe4 Rf8e8
24.Qe4c6 Rb8c8
25.Qc6f3 Bf6g7
26.Nf4d5 Rc8c5
27.Qf3xf7 Kh8
28.Ra1e1 Re8xe1
29.Rf1xe1 h5
30.Re1e8 { resign }
1-0

[Event "Match"]
[Site "www.echecsemail.com"]
[Date "2016.04.17"]
[Round "1"]
[White "Pinehill"]
[Black "Add"]
[WhiteElo "2120"]
[BlackElo "2030"]
[Result "1-0"]
[Round "1"]
1.e4 d5
2.Ng1f3 dxe4
3.Nf3g5 Ng8f6
4.d3 exd3
5.Bf1xd3 e6
6.O-O h6
7.Ng5xf7 Kxf7
8.Bd3g6 Ke7
9.Qd1e2 c6
10.Bc1f4 Bc8d7
11.Nb1c3 Qd8b6
12.Qe2d2 c5
13.Rf1e1 Kd8
14.Ra1d1 Nb8a6
15.Bg6f7 Na6c7
16.Bf4xc7 Qb6xc7
17.Bf7xe6 Kc8
18.Be6xd7 Qc7xd7
19.Qd2f4 Qd7c7
20.Qf4f5 Kb8
21.Nc3b5 Qc7c6
22.Rd1d8 { resign }
1-0

[Event "Match"]
[Site "www.echecsemail.com"]
[Date "2016.04.17"]
[Round "1"]
[White "Elogic"]
[Black "Iko"]
[WhiteElo "1870"]
[BlackElo "1710"]
[Result "1-0"]
[Round "1"]
1.d4 d5
2.Nb1c3 Ng8f6
3.Bc1f4 Bc8d7
4.e3 e6
5.Nc3b5 Bd7xb5
6.Bf1xb5 c6
7.Bb5a4 b5
8.Ba4b3 Nf6e4
9.f3 Ne4f6
10.g4 Bf8e7
11.Qd1d3 O-O
12.c3 a5
13.a4 b4
14.cxb4 Be7xb4
15.Kf2 Ra8a6
16.Bf4xb8 Qd8xb8
17.Qd3xa6 c5
18.dxc5 Bb4xc5
19.Qa6d3 Qb8e5
20.Ra1b1 d4
21.e4 Qe5f4
22.Ng1h3 Qf4h6
23.Nh3g1 Rf8b8
24.Rb1e1 Qh6h4
25.Kf1 g6
26.e5 Rb8xb3
27.Qd3xb3 d3
28.Kg2 Qh4xe1
29.Kh3 Bc5xg1
30.exf6 d2
31.Qb3b8 
1-0

[Event "Match"]
[Site "www.echecsemail.com"]
[Date "2016.04.17"]
[Round "1"]
[White "Kevinking"]
[Black "Pimpampum"]
[WhiteElo "1870"]
[BlackElo "1499"]
[Result "0-1"]
[Round "1"]
1.e4 e5
2.c4 Bf8c5
3.d3 d6
4.Ng1f3 f5
5.Nb1c3 Ng8f6
6.Bc1e3 Bc5xe3
7.fxe3 fxe4
8.Nc3xe4 Nf6xe4
9.dxe4 O-O
10.Bf1e2 Nb8d7
11.b4 Nd7f6
12.Qd1d3 Qd8e8
13.a4 Qe8g6
14.Qd3d5 Nf6xd5
{ resign }
0-1

[Event "Match"]
[Site "www.echecsemail.com"]
[Date "2016.04.17"]
[Round "1"]
[White "Wagner"]
[Black "Nigel"]
[WhiteElo "1710"]
[BlackElo "1499"]
[Result "1-0"]
[Round "1"]
1.e4 e5
2.c4 Bf8c5
3.Ng1h3 Nb8c6
4.d3 Nc6d4
5.Bc1e3 d6
6.Be3d2 Bc8xh3
7.gxh3 Qd8f6
8.Bd2e3 Nd4f3
9.Ke2 O-O-O
10.Bf1g2 Nf3h4
11.Rh1g1 Bc5xe3
12.fxe3 Ng8e7
13.Nb1c3 Kb8
14.d4  { time }
1-0

[Event "Match"]
[Site "www.echecsemail.com"]
[Date "2016.04.17"]
[Round "1"]
[White "Capitaine"]
[Black "Glenno"]
[WhiteElo "2370"]
[BlackElo "2410"]
[Result "0-1"]
[Round "1"]
1.e4 e5
2.Ng1f3 Nb8c6
3.Bf1c4 Ng8f6
4.Nf3g5 d5
5.exd5 Nc6a5
6.Bc4b5 c6
7.dxc6 bxc6
8.Qd1f3 Bf8e7
9.Bb5xc6 Na5xc6
10.Qf3xc6 Bc8d7
11.Qc6c4 O-O
12.Qc4e2 Ra8c8
13.Nb1c3 h6
14.Ng5e4 Nf6xe4
15.Nc3xe4 Rc8xc2
16.Ne4c3 Bd7f5
17.O-O Bf5d3
18.Qe2d1 Qd8d4
19.Rf1e1 Rf8d8
20.Qd1f3 Be7c5
21.Qf3e3 f6
22.Qe3xd4 Bc5xd4
23.a4 Bd4c5
24.Nc3d1 Rc2c4
25.Nd1e3 Rc4f4
26.b3 Rd8b8
27.Bc1a3 Bc5d4
28.g3 Rf4e4
29.Ra1c1 Rb8xb3
30.Rc1c8 Kh7
31.Ba3f8 Bd4b6
32.Rc8b8 Rb3b2
33.Rb8b7 Rb2xd2
34.Rb7xg7 Kh8
35.Rg7f7 Bb6xe3
36.Re1xe3 Re4xa4
37.Rf7xf6 Ra4a1
38.Kg2 Bd3f1
39.Kf3 Ra1a2
40.Rf6xh6 Kg8
41.Bf8c5 Rd2xf2
42.Ke4 Rf2c2
43.Bc5d6 Rc2e2
44.Bd6xe5 Bf1g2
45.Kd4 Ra2d2
46.Re3d3 Re2e4
47.Kc3 Rd2xd3
48.Kxd3 Re4xe5
49.Kd4 Re5e4
50.Kc3 a5
51.Rh6a6 a4
52.Kb2 Bg2h3
53.Ra6a7 Re4d4
54.Kc3 Rd4g4
55.Kb2 Bh3g2
56.Ka3 Bg2c6
57.Ra7c7 Bc6e8
58.Rc7a7 Rg4e4
59.Ra7a5 Re4e2
60.Ra5g5 Kf8
61.h4 Re2e3
62.Ka2 Be8f7
63.Kb2 a3
64.Kc2 a2
65.Rg5a5 Re3xg3
66.h5 Rg3g1
67.Kb2 Rg1b1
{ resign }
0-1

[Event "Match"]
[Site "www.echecsemail.com"]
[Date "2016.04.17"]
[Round "1"]
[White "Ranjachess"]
[Black "Rindrandria"]
[WhiteElo "1750"]
[BlackElo "1580"]
[Result "0-1"]
[Round "1"]
1.Ng1f3 Nb8c6
2.e3 e5
3.d4 e4
4.Bf1b5 exf3
5.Bb5xc6 bxc6
6.Qd1xf3 Bc8a6
7.b3 Qd8b8
8.c4 Bf8b4
9.Bc1d2 Bb4xd2
10.Nb1xd2 Qb8b4
11.a3 Qb4c3
12.Ra1d1 Qc3d3
13.Nd2e4 Qd3xb3
14.O-O Qb3xc4
15.Qf3g3 O-O-O
16.Qg3xg7 Ng8e7
17.Qg7e5 Qc4c2
18.Rd1c1 Qc2e2
19.Qe5xe7 Rh8g8
20.Rf1e1 Qe2g4
21.g3 Rd8e8
22.Ne4d6 cxd6
23.Qe7xd6 Qg4e4
24.Rc1b1 Ba6b7
25.Qd6b4 c5
26.Qb4xc5 Kd8
27.Kf1 Qe4h1
28.Ke2 Bb7a6
29.Kd2 Qh1c6
30.Rb1b8 Ba6c8
31.Qc5xa7 Ke7
32.Re1c1 Qc6g2
33.Ke2 Bc8a6
34.Qa7xa6 Re8xb8
35.h4 Rb8b2
36.Ke1 Qg2g1
37.Qa6f1 Qg1h2
38.Rc1d1 Rg8c8
39.Rd1d2 Rc8c1
40.Rd2d1 Rc1c2
41.Rd1a1 Rc2xf2
42.Qf1c4 Qh2h1
43.Qc4f1 Qh1xf1

0-1

[Event "Match"]
[Site "www.echecsemail.com"]
[Date "2016.04.17"]
[Round "1"]
[White "Elogic"]
[Black "Llord"]
[WhiteElo "1830"]
[BlackElo "1780"]
[Result "1-0"]
[Round "1"]
1.e3 e5
2.Ng1e2 d5
3.g3 Ng8f6
4.Bf1g2 Nb8c6
5.b3 Bf8c5
6.O-O Bc8e6
7.Bc1b2 O-O
8.d4 exd4
9.exd4 Bc5b6
10.c3 Be6g4
11.f3 Bg4e6
12.Nb1d2 h6
13.Ne2f4 Nf6h7
14.Nf4xe6 fxe6
15.f4 Nh7f6
16.Rf1e1 Nf6g4
17.Re1xe6 Qd8d7
18.Qd1xg4 Nc6d8
19.Re6g6 Qd7xg4
20.Bg2xd5 Qg4e6
21.Bd5xe6 Nd8xe6
22.Rg6xe6 c6
23.Re6e7 Ra8b8
24.Nd2c4 Bb6d8
25.Re7e2 b5
26.Nc4e5 Rb8c8
27.Ra1e1 Kh7
28.Bb2a3 Rf8e8
29.Ba3c5 a5
30.Ne5f7 Bd8f6
31.Re2xe8 { resign }
1-0

[Event "Match"]
[Site "www.echecsemail.com"]
[Date "2016.04.17"]
[Round "1"]
[White "Tictac"]
[Black "Witpar"]
[WhiteElo "2339"]
[BlackElo "2610"]
[Result "1-0"]
[Round "1"]
1.d4 Ng8f6
2.c4 g6
3.Nb1c3 Bf8g7
4.e4 d6
5.Ng1f3 O-O
6.Bf1e2 Nb8d7
7.O-O e5
8.Bc1g5 h6
9.Bg5e3 Nf6g4
10.Be3c1 c6
11.d5 cxd5
12.cxd5 f5
13.g3 Ng4f6
14.exf5 gxf5
15.Nf3h4 Nd7c5
16.Bc1e3 Nc5e4
17.Nc3xe4 Nf6xe4
18.Be2d3 Ne4c5
19.Bd3c2 Bc8d7
20.Nh4g6 Rf8f7
21.Be3xc5 dxc5
22.d6 Kh7
23.Ng6e7 Rf7xe7
24.dxe7 Qd8xe7
25.f3 Ra8f8
26.Qd1e2 a6
27.Ra1e1 e4
28.fxe4 Bd7b5
29.Bc2d3 c4
30.Bd3c2 c3
31.Bc2d3 Bb5xd3
32.Qe2xd3 Rf8d8
33.Qd3f3 cxb2
34.exf5 Qe7c5
35.Kh1 Rd8f8
36.f6 Bg7xf6
37.Qf3xb7 Kg8
38.Qb7e4 Kg7
39.Kg2 a5
40.h4 Qc5b4
41.Qe4e6 Qb4b7
42.Kh3 Qb7f7
43.Qe6f5 Qf7g6
44.Qf5xa5 h5
45.Qa5b4 Rf8d8
46.a4 Rd8d4
47.Qb4b7 Kh6
48.Qb7b6 Qg6g4
49.Kh2 Rd4d2
50.Rf1f2 Rd2xf2
51.Qb6xf2 Qg4g6
52.Qf2d2 Kg7
53.Qd2d7 Kh6
54.Qd7d1 Bf6c3
55.Re1f1 Bc3e5
56.Qd1b3 b1Q
57.Rf1xb1 Be5xg3
58.Qb3xg3 Qg6xb1
59.Qg3g5 Kh7
60.Qg5xh5 Kg7
61.Qh5e5 Kf7
62.a5 Qb1c2
63.Kh3 Qc2d3
64.Kg2 Qd3c2
65.Kf1 Qc2b1
66.Qe5e1 Qb1b5
67.Kg1 Qb5a4
68.Qe1f2 Kg6
69.Qf2g3 Kf7
70.Qg3f3 Ke7
71.Qf3e2 Kd7
72.Qe2d3 Kc7
73.Qd3h7 Kb8
74.Qh7g8 Ka7
75.Qg8f7 Ka6
76.Qf7f6 Ka7
77.a6 Qa4d7
78.Kg2 Qd7g4
79.Kh2 Qg4e2
80.Kh3 Qe2d1
81.Kg3 Qd1g1
82.Kf4 Qg1c5
83.Kg4 Qc5g1
84.Kh5 Qg1e1
85.Kh6 Qe1c1
86.Kg7 Qc1g1
87.Kf8 Qg1h2
88.Qf6h6 Qh2b8
89.Kf7 Qb8c7
90.Kg8 Qc7c4
91.Kh8 Qc4d5
92.h5 Qd5d8
93.Kh7 Qd8c8
94.Qh6g6 Qc8c4
95.h6 { resign }
1-0

[Event "Tourn. n8650"]
[Site "www.chess-mail.com"]
[Date "2016.04.18"]
[Round "1"]
[White "Geretree"]
[Black "Bojan"]
[WhiteElo "1930"]
[BlackElo "2010"]
[Result "0-1"]
[Round "1"]
1.e4 e5
2.Ng1f3 d6
3.Nb1c3 c6
4.Bf1c4 h6
5.d3 Ng8f6
6.Bc1e3 Nf6g4
7.Qd1e2 Ng4xe3
8.Qe2xe3 Bf8e7
9.a3 Nb8d7
10.h3 Nd7c5
11.b4 Nc5e6
12.O-O Ne6g5
13.Nf3xg5 Be7xg5
14.Qe3f3 O-O
15.Nc3e2 Qd8e7
16.Ne2g3 g6
17.Ng3e2 Kh7
18.d4 f5
19.c3 fxe4
20.Qf3xe4 d5
21.Bc4xd5 Bc8f5
22.Qe4xe5 Qe7xe5
23.dxe5 cxd5
24.Ne2d4 Bf5d7
25.Ra1d1 Bd7a4
26.Rd1b1 Rf8e8
27.f4 Bg5d8
28.b5 Bd8b6
29.Kh2 Ra8c8
30.Rb1b4 Rc8c4
31.Rf1b1 Bb6c5
32.Rb4xc4 dxc4
33.Nd4f3 Bc5e3
34.Rb1b4 Ba4b3
35.Nf3d4 Be3xf4
36.g3 Bf4xe5
37.Nd4xb3 cxb3
38.Rb4xb3 Re8c8
39.c4 Rc8xc4
40.h4 Rc4c3
41.Rb3xc3 Be5xc3
42.Kg2 Kg7
43.Kf3 Kf6
44.Ke4 Bc3e1
45.Kf4 a5
46.a4 Ke6
47.Kg4 Kd5
48.Kh3 Kc4
49.g4 Kb4
50.h5 gxh5
51.gxh5 Kxa4
52.Kg4 Kxb5
53.Kf3 a4
54.Ke2 Be1c3
55.Kd1 a3
56.Kc2 Kb4
57.Kb1 Kb3
{ resign }
0-1

[Event "Tourn. n8742"]
[Site "www.chess-mail.com"]
[Date "2016.04.18"]
[Round "1"]
[White "Elogic"]
[Black "Bojan"]
[WhiteElo "1800"]
[BlackElo "1830"]
[Result "0-1"]
[Round "1"]
1.f4 b6
2.e4 g6
3.d4 d5
4.Bf1d3 Nb8c6
5.Ng1f3 Bc8g4
6.c3 Ng8f6
7.exd5 Qd8xd5
8.O-O Nc6a5
9.Bc1e3 Na5c4
10.Bd3xc4 Qd5xc4
11.Nb1d2 Qc4b5
12.b4 a5
13.a4 Qb5d7
14.Qd1b3 axb4
15.Nf3e5 Qd7e6
16.cxb4 Bg4f5
17.Qb3xe6 Bf5xe6
18.Ne5c6 Nf6g4
19.Rf1e1 Be6d5
20.Nc6e5 Ng4xe3
21.Re1xe3 Bf8g7
22.Nd2c4 b5
23.Nc4b2 bxa4
24.Ra1xa4 O-O
25.Ra4xa8 Rf8xa8
26.Ne5d7 Bg7xd4
{ resign }
0-1

[Event "Tourn. n8698"]
[Site "www.chess-mail.com"]
[Date "2016.04.18"]
[Round "1"]
[White "Piekki"]
[Black "Scasan55"]
[WhiteElo "2070"]
[BlackElo "2170"]
[Result "1-0"]
[Round "1"]
1.e4 e6
2.d4 d5
3.Nb1c3 Bf8b4
4.e5 c5
5.a3 Bb4xc3
6.bxc3 c4
7.Qd1g4 g6
8.Ng1f3 f5
9.Qg4g3 Qd8d7
10.a4 b6
11.h4 Qd7e7
12.h5 Nb8d7
{ time. }
1-0

[Event "Tourn. n8707"]
[Site "www.chess-mail.com"]
[Date "2016.04.18"]
[Round "1"]
[White "Prize64"]
[Black "Faerieking"]
[WhiteElo "2240"]
[BlackElo "2180"]
[Result "1-0"]
[Round "1"]
1.e4 e5
2.Ng1f3 Nb8c6
3.Bf1c4 Ng8f6
4.d3 h6
5.c3 d6
6.Bc4b3 Bf8e7
7.O-O Bc8g4
8.Nb1d2 O-O
9.Rf1e1 Qd8d7
10.h3 Bg4h5
11.Nd2f1 Ra8e8
12.Nf1g3 Bh5g6
13.Nf3h4 Bg6h7
14.Nh4f5 Be7d8
15.Qd1f3 a6
16.a4 Nc6a5
17.Bb3c2 c5
18.Bc1d2 Na5c6
19.Bc2b3 Nc6a5
20.Bb3c2 Bd8c7
21.Nf5xh6 gxh6
22.Qf3xf6 Re8e6
23.Qf6f3 f5
24.exf5 Re6f6
25.d4 Na5c4
26.Bc2b3 b5
27.axb5 Qd7xb5
28.Qf3d5 { resign }
1-0

[Event "Tourn. n8679"]
[Site "www.chess-mail.com"]
[Date "2016.04.18"]
[Round "1"]
[White "Tonino1"]
[Black "Faerieking"]
[WhiteElo "2270"]
[BlackElo "2180"]
[Result "0-1"]
[Round "1"]
1.d4 Ng8f6
2.Ng1f3 e6
3.e3 c5
4.Bf1d3 Nb8c6
5.a3 cxd4
6.exd4 Bf8e7
7.b3 O-O
8.Bc1b2 d5
9.Nb1d2 a6
10.O-O b5
11.Nf3e5 Bc8b7
12.b4 Qd8c7
13.Ne5xc6 Bb7xc6
14.f4 Be7d6
15.g3 g6
16.Nd2f3 Nf6g4
17.Qd1e2 Ra8e8
18.Nf3e5 Ng4h6
19.h3 f6
20.Ne5g4 Nh6f5
21.Qe2f2 h5
22.Ng4e3 Kg7
23.g4 hxg4
24.hxg4 Nf5xe3
25.Qf2xe3 Rf8h8
26.Kg2 Rh8h4
27.Kf3 Rh4h3
 { time }
0-1

[Event "Tourn. n8655"]
[Site "www.chess-mail.com"]
[Date "2016.04.18"]
[Round "1"]
[White "Difficult"]
[Black "Bojan"]
[WhiteElo "1890"]
[BlackElo "2020"]
[Result "0-1"]
[Round "1"]
1.d4 d5
2.c4 e6
3.Nb1c3 Ng8f6
4.cxd5 Nf6xd5
5.e4 Nd5xc3
6.bxc3 b6
7.Bf1c4 Bc8b7
8.Qd1e2 Qd8f6
9.e5 Qf6g6
10.f3 Bf8e7
11.Bc4d3 Qg6h5
12.Bd3e4 c6
13.Bc1e3 f6
14.f4 Qh5f7
15.Ng1f3 Be7a3
16.O-O f5
17.Be4c2 Ba3b2
18.Nf3g5 Qf7e7
19.Ra1b1 Bb2xc3
20.Qe2c4 Bc3a5
21.Qc4xe6 Bb7c8
22.Qe6xe7 Kxe7
23.Rf1d1 h6
24.Ng5f3 Bc8e6
25.Bc2b3 Nb8a6
26.Kf2 Ra8c8
27.h3 Rh8d8
28.Bb3xe6 Kxe6
29.g4 fxg4
30.hxg4 Na6c7
31.f5 Kd5
32.Ke2 Nc7b5
33.Be3d2 Ba5xd2
34.Rd1xd2 Nb5c3
{ resign }
0-1

[Event "Tourn. n8551"]
[Site "www.chess-mail.com"]
[Date "2016.04.18"]
[Round "1"]
[White "Yangqi"]
[Black "Gearoid"]
[WhiteElo "2620"]
[BlackElo "2370"]
[Result "1-0"]
[Round "1"]
1.e4 e6
2.d4 d5
3.Nb1d2 Ng8f6
4.Bf1d3 dxe4
5.Nd2xe4 Nb8d7
6.Ng1f3 c5
7.O-O cxd4
8.Nf3xd4 Nf6xe4
9.Bd3xe4 Nd7f6
10.Bc1g5 Bf8e7
11.Be4f3 O-O
12.Qd1d3 Be7c5
13.Ra1d1 e5
14.Nd4b3 Qd8xd3
15.cxd3 Bc5d6
16.Rd1c1 Bc8e6
17.Nb3a5 Be6xa2
18.Na5xb7 Bd6b4
19.Nb7c5 Ra8c8
20.Bg5xf6 gxf6
21.Nc5d7 Rf8d8
22.Rc1xc8 Rd8xc8
23.Bf3d5 Ba2xd5
24.Nd7xf6 Kg7
25.Nf6xd5 a5
26.Nd5e3 Rc8d8
27.Rf1d1 Bb4c5
28.g4 Bc5xe3
29.fxe3 Kg6
30.Kg2 Rd8b8
31.Rd1d2 h5
32.gxh5 Kxh5
33.Kf3 Kg6
34.d4 exd4
35.exd4 Kf6
36.h4 Rb8h8
37.Kg4 Rh8g8
38.Kf4 Rg8h8
39.Kg4 Rh8g8
40.Kh3 Ke6
41.Rd2e2 Kd5
42.Re2f2 Kxd4
43.Rf2f4 Ke5
44.Rf4xf7  { time }
1-0

[Event "Tourn. n8681"]
[Site "www.chess-mail.com"]
[Date "2016.04.18"]
[Round "1"]
[White "Roque1"]
[Black "Badshahc"]
[WhiteElo "2000"]
[BlackElo "1930"]
[Result "1-0"]
[Round "1"]
1.e4 d6
2.d4 Ng8f6
3.Nb1c3 e5
4.dxe5 dxe5
5.Qd1xd8 Kxd8
6.Bc1g5 Bf8e7
7.O-O-O Bc8d7
8.Ng1f3 Nb8c6
9.Bf1c4 Ke8
10.Bg5xf6 Be7xf6
11.Bc4xf7 Ke7
12.Rd1d2 Bd7g4
13.Bf7b3  { time }
1-0

[Event "Tourn. n8705"]
[Site "www.chess-mail.com"]
[Date "2016.04.18"]
[Round "1"]
[White "Genius7"]
[Black "Attatroll"]
[WhiteElo "1820"]
[BlackElo "1960"]
[Result "0-1"]
[Round "1"]
1.e4 e5
2.Ng1f3 Nb8c6
3.Bf1b5 f5
4.Nb1c3 fxe4
5.Nc3xe4 d6
6.d4 exd4
7.Nf3xd4 Bc8d7
8.Bb5xc6 bxc6
9.O-O Ng8f6
10.Ne4xf6 Qd8xf6
11.Rf1e1 Bf8e7
12.c3 O-O
13.Bc1e3 c5
14.Nd4b3 Bd7c6
15.Qd1d2 Ra8b8
16.Ra1d1 Qf6g6
17.g3 Qg6e4
{ resign }
0-1

[Event "Tourn. n8561"]
[Site "www.chess-mail.com"]
[Date "2016.04.18"]
[Round "1"]
[White "Cardiff"]
[Black "Huw"]
[WhiteElo "2000"]
[BlackElo "2220"]
[Result "0-1"]
[Round "1"]
1.Ng1f3 c5
2.e4 Nb8c6
3.Bf1b5 Nc6d4
4.Nf3xd4 cxd4
5.O-O a6
6.Bb5e2 d5
7.exd5 Qd8xd5
8.Be2f3 Qd5d8
9.d3 Ng8f6
10.Rf1e1 Qd8c7
11.Nb1d2 Ra8b8
12.Nd2b3 e5
13.Nb3xd4 Bf8d6
14.Nd4b3 O-O
15.h3 b5
16.Bc1g5 Nf6d7
17.a4 Nd7c5
18.Nb3xc5 Qc7xc5
19.b3 b4
20.Bg5e3 Qc5c7
21.Bf3d5 Bc8b7
22.Qd1f3 Bb7xd5
23.Qf3xd5 Rb8d8
24.Qd5c4 Qc7b7
25.Qc4g4 Rd8c8
26.Re1e2 f5
27.Qg4f3 Qb7xf3
28.gxf3 f4
29.Be3b6 Rc8c6
30.a5 Rf8f6
31.d4 Rf6g6
32.Kf1 exd4
33.Bb6xd4 Bd6c5
34.Bd4xc5 Rc6xc5
35.Ra1d1 h6
36.Rd1d4 Rc5xa5
37.Rd4xb4 Ra5a1
38.Re2e1 Ra1a2
39.Rb4c4 Ra2b2
40.b4 Rg6d6
41.Rc4xf4 Rb2xc2
42.Re1e2 Rd6d1
43.Re2e1 Rd1d2
44.Re1e6 Rd2xf2
45.Ke1 Rf2h2
46.Kd1 Rc2a2
{ resign }
0-1

[Event "Tourn. n8664"]
[Site "www.chess-mail.com"]
[Date "2016.04.18"]
[Round "1"]
[White "Falcoale"]
[Black "Knightjumper"]
[WhiteElo "1760"]
[BlackElo "1690"]
[Result "1/2-1/2"]
[Round "1"]
1.e4 e5
2.Ng1f3 Nb8c6
3.Bf1c4 Bf8e7
4.d4 exd4
5.Nf3xd4 d6
6.Nd4xc6 bxc6
7.a3 Ng8f6
8.Nb1c3 O-O
9.O-O Bc8e6
10.Bc4d3 Nf6d7
11.f4 f6
12.f5 Be6f7
13.b4 a5
14.Bc1b2 axb4
15.axb4 Nd7e5
16.Nc3e2 Qd8d7
17.Ra1xa8 Rf8xa8
18.Bb2c3 Kh8
19.Ne2g3 Ne5xd3
20.cxd3 Qd7d8
21.Qd1e2 Qd8d7
22.d4 Ra8a2
23.Qe2g4 Qd7d8
{ draw }
1/2-1/2

[Event "Tourn. n8641"]
[Site "www.chess-mail.com"]
[Date "2016.04.18"]
[Round "1"]
[White "Falcoale"]
[Black "Daquata"]
[WhiteElo "1580"]
[BlackElo "1630"]
[Result "0-1"]
[Round "1"]
1.e4 e5
2.Ng1f3 Nb8c6
3.Bf1c4 Bf8c5
4.O-O Ng8f6
5.d3 d6
6.Bc1g5 O-O
7.Nb1c3 h6
8.Bg5h4 Bc8g4
9.h3 Bg4h5
10.Nc3b1 Nc6d4
11.Nb1d2 b5
12.c3 Nd4xf3
13.Nd2xf3 bxc4
14.dxc4 g5
15.Bh4g3 Ra8b8
16.Ra1b1 Nf6xe4
17.Bg3h2 f5
18.Qd1c2 Qd8f6
19.Nf3d2 Ne4xd2
20.Qc2xd2 f4
21.b4 Bc5b6
22.c5 dxc5
23.Rb1e1 cxb4
24.cxb4 Rb8d8
25.Qd2b2 Bh5f7
26.Qb2xe5 Bf7c4
27.Qe5xf6 Rf8xf6
28.Re1d1 Rd8xd1
29.Rf1xd1 Bc4xa2
30.g3 fxg3
31.Bh2xg3 Ba2e6
32.Rd1d8 Kf7
33.Bg3e5 Rf6xf2
34.Kh1 Be6xh3
35.Be5d4 Rf2d2
36.Rd8d7 Bh3xd7
{ resign }
0-1

[Event "Tourn. n8723"]
[Site "www.chess-mail.com"]
[Date "2016.04.18"]
[Round "1"]
[White "Elogic"]
[Black "Hundegana"]
[WhiteElo "1860"]
[BlackElo "1910"]
[Result "0-1"]
[Round "1"]
1.b3 e5
2.e4 d6
3.Bf1c4 Qd8f6
4.Qd1f3 Bc8e6
5.Bc4xe6 Qf6xe6
6.Ng1e2 Nb8c6
7.Bc1b2 O-O-O
8.Nb1c3 a6
9.Nc3d5 f6
10.O-O-O h5
11.d4 exd4
12.Ne2f4 Qe6g4
13.Qf3h3 Qg4xh3
14.gxh3 Rd8e8
15.f3 Rh8h6
16.Bb2xd4 Nc6xd4
17.Rd1xd4 g5
18.Nf4d3 Ng8e7
19.Nd5xe7 Re8xe7
20.c4 b6
21.b4 Re7e6
22.a4 c5
23.Rd4d5 Kc7
24.Rh1d1 Rh6h7
25.a5 bxa5
26.bxc5 dxc5
27.Nd3xc5 Bf8xc5
28.Rd5xc5 Re6c6
29.Rc5xc6 Kxc6
30.Kc2 Rh7b7
31.Rd1a1 Rb7b4
32.Ra1xa5 Kb6
33.Ra5a3 Rb4xc4
34.Kd2 a5
35.Ra3d3 Rc4c6
36.Ke3 a4
37.Rd3d8 Kb5
38.Kd4 a3
39.Rd8a8 Rc6a6
40.Ra8b8 Ra6b6
41.Rb8xb6 Kxb6
42.Kc3 a2
43.Kb2 a1R
44.Kxa1 Kc5
45.Kb2 Kd4
46.e5 fxe5
47.Kc2 Ke3
48.Kd1 Kxf3
49.Ke1 Kg2
50.Ke2 Kxh2
51.h4 g4
52.Kf2 g3
{ resign }
0-1

[Event "Tourn. n8638"]
[Site "www.chess-mail.com"]
[Date "2016.04.18"]
[Round "1"]
[White "Falcoale"]
[Black "Paul30"]
[WhiteElo "1540"]
[BlackElo "1689"]
[Result "0-1"]
[Round "1"]
1.e4 e6
2.d4 d5
3.exd5 exd5
4.Ng1f3 Bf8d6
5.Bf1e2 Ng8e7
6.O-O O-O
7.Rf1e1 Bc8e6
8.c3 Nb8d7
9.h3 c5
10.Bc1g5 h6
11.Bg5h4 Qd8b6
12.b3 Ne7c6
13.Be2d3 cxd4
14.cxd4 Bd6b4
15.Re1e2 Kh8
16.Bd3c2 Rf8e8
17.Qd1d3 g6
18.Nf3e5 Nd7xe5
19.dxe5 Bb4e7
20.Bh4g3 Re8d8
21.Qd3c3 Ra8c8
22.Qc3b2 Nc6b4
23.a3 Nb4xc2
24.Re2xc2 Rc8xc2
25.Qb2xc2 d4
26.Nb1d2 Rd8c8
27.Qc2d3 Rc8c3
28.Qd3e4 Be6f5
29.Qe4e1 Kg7
30.b4 Qb6a6
31.Nd2b1 Rc3b3
32.Nb1d2 Rb3xa3
33.Ra1xa3 Qa6xa3
34.Nd2f3 Be7xb4
35.Qe1d1 d3
36.Kh2 Qa3c3
37.e6 f6
38.e7 Bb4xe7
39.Nf3d2 a5
40.Nd2f3 Qc3c2
41.Qd1xc2 dxc2
42.Bg3f4 Be7a3
43.Nf3d4 c1Q
44.Bf4xc1 Ba3xc1
45.Nd4b5 a4
{ resign }
0-1

[Event "Tourn. n8670"]
[Site "www.chess-mail.com"]
[Date "2016.04.18"]
[Round "1"]
[White "Falcoale"]
[Black "Jjmcbride"]
[WhiteElo "1840"]
[BlackElo "1690"]
[Result "1-0"]
[Round "1"]
1.e4 e5
2.Ng1f3 Qd8f6
3.Bf1e2 Ng8e7
4.O-O d5
5.d3 d4
6.Nb1a3 g6
7.Bc1g5 Qf6e6
8.h3 f5
9.exf5 Ne7xf5
10.Na3c4 Nb8c6
11.Rf1e1 b5
12.Nc4xe5 Nc6xe5
13.Nf3xe5  { time }
1-0

[Event "Match"]
[Site "www.echecsemail.com"]
[Date "2016.04.18"]
[Round "1"]
[White "Mars91"]
[Black "Mitja"]
[WhiteElo "1789"]
[BlackElo "1890"]
[Result "1/2-1/2"]
[Round "1"]
1.d4 d5
2.Bc1f4 e6
3.e3 c6
4.c3 h6
5.Ng1f3 Nb8d7
6.Nb1d2 Ng8f6
7.Bf1d3 Nd7b6
8.O-O Bf8d6
9.Bf4xd6 Qd8xd6
10.Qd1e2 Nb6d7
11.e4 dxe4
12.Nd2xe4 Nf6xe4
13.Bd3xe4 Nd7f6
14.Be4c2 b6
15.Rf1d1 Bc8b7
16.Qe2e5 Qd6e7
17.Rd1e1 O-O
18.h3 Ra8d8
19.Ra1d1 Rd8d5
20.Qe5e2 Qe7c7
21.Nf3e5 Rf8e8
22.Bc2b3 Rd5d8
23.Ne5g4 Nf6xg4
24.Qe2xg4 a5
25.Bb3c2 c5
26.dxc5 Qc7xc5
27.Rd1xd8 Re8xd8
28.Re1d1 Rd8xd1
29.Bc2xd1 Qc5d5
30.Bd1f3 Qd5d7
31.Bf3xb7 Qd7xb7
32.Qg4d4 Qb7c7
{ draw }
1/2-1/2

[Event "Match"]
[Site "www.echecsemail.com"]
[Date "2016.04.18"]
[Round "1"]
[White "Gambarulo"]
[Black "Orae"]
[WhiteElo "1769"]
[BlackElo "1720"]
[Result "0-1"]
[Round "1"]
1.e4 e5
2.Ng1f3 Nb8c6
3.Bf1b5 Nc6d4
4.Nf3xd4 exd4
5.d3 c6
6.Bb5a4 Qd8e7
7.O-O Ng8f6
8.f4 g6
 { time }
0-1